000 01131nam a2200193Ia 4500
003 Ost
005 20260507074952.0
008 260507s9999||||xx |||||||||||||| ||und||
040 _cfsecg
041 _aara
082 _a332.1
100 _aالحجار، بسام
_eمؤلف
245 0 _aالاقتصاد النقدي والمصرفي /
_c بسام الحجار
260 _aبيروت:
_bدار المنهل للنشر والتوزيع,
_c2006
300 _a319 صفحة؛
_bإيضاحات ؛
_c25 سم
504 _aببليوغرافيا:ص.313-315 قاموس:ص.316-319
520 _aالتبادل والنقود،أنواع النقود،النظم النقدية،عرض النقود،الطلب على النقود،النموذجIS-LM،قيمة النقود،بنوك الودائع وتطورها،موارد واستخدامات البنوك التجارية،النظام المصرفي اللبناني،نشأة وتطور البنوك المركزية،النظرية النقدية التقليدية،النظرية النقدية الحديثة،التضخم،الدخل القومي
942 _cكتاب
999 _c42001
_d42001